<?xml version="1.0" encoding="UTF-8"?>
<record
    xmlns:xsi="http://www.w3.org/2001/XMLSchema-instance"
    xsi:schemaLocation="http://www.loc.gov/MARC21/slim http://www.loc.gov/standards/marcxml/schema/MARC21slim.xsd"
    xmlns="http://www.loc.gov/MARC21/slim">

  <leader>00993nam a2200277Ia 4500</leader>
  <controlfield tag="005">20170605144214.0</controlfield>
  <datafield tag="010" ind1=" " ind2=" ">
    <subfield code="a">BAC-EN21    ENG-111958</subfield>
  </datafield>
  <datafield tag="020" ind1=" " ind2=" ">
    <subfield code="a">9788126510184</subfield>
    <subfield code="c">499.00</subfield>
  </datafield>
  <datafield tag="020" ind1=" " ind2=" ">
    <subfield code="a">9788126510184</subfield>
    <subfield code="c">569.00  (AV)</subfield>
  </datafield>
  <datafield tag="035" ind1=" " ind2=" ">
    <subfield code="a">EN-95490</subfield>
  </datafield>
  <datafield tag="035" ind1=" " ind2=" ">
    <subfield code="a">B-584152-177</subfield>
  </datafield>
  <datafield tag="035" ind1=" " ind2=" ">
    <subfield code="a">B-669726</subfield>
  </datafield>
  <datafield tag="037" ind1=" " ind2=" ">
    <subfield code="b">Asian Book Centre/Ven</subfield>
    <subfield code="a">dpl</subfield>
  </datafield>
  <datafield tag="037" ind1=" " ind2=" ">
    <subfield code="b">DBAD/PUB</subfield>
  </datafield>
  <datafield tag="082" ind1=" " ind2=" ">
    <subfield code="a">512.8</subfield>
  </datafield>
  <datafield tag="100" ind1=" " ind2=" ">
    <subfield code="a">Herstein, I.N.</subfield>
  </datafield>
  <datafield tag="245" ind1=" " ind2=" ">
    <subfield code="a">Topics in algebra /</subfield>
    <subfield code="c">by I.N.Herstein</subfield>
  </datafield>
  <datafield tag="250" ind1=" " ind2=" ">
    <subfield code="a">2nd ed</subfield>
  </datafield>
  <datafield tag="260" ind1=" " ind2=" ">
    <subfield code="c">2014(repr.)</subfield>
    <subfield code="a">Delhi</subfield>
    <subfield code="b">John Wiley </subfield>
  </datafield>
  <datafield tag="270" ind1=" " ind2=" ">
    <subfield code="a">4435-36/7, Ansari Road, Daryaganj</subfield>
    <subfield code="b">New Delhi</subfield>
    <subfield code="e">110002</subfield>
  </datafield>
  <datafield tag="300" ind1=" " ind2=" ">
    <subfield code="c">22cm(pbk)</subfield>
    <subfield code="a">xi,388p.:</subfield>
    <subfield code="b">ill.</subfield>
  </datafield>
  <datafield tag="500" ind1=" " ind2=" ">
    <subfield code="a">Includes index</subfield>
  </datafield>
  <datafield tag="942" ind1=" " ind2=" ">
    <subfield code="c">EN</subfield>
    <subfield code="2">ddc</subfield>
    <subfield code="m">HER</subfield>
    <subfield code="h">512.8</subfield>
  </datafield>
  <datafield tag="999" ind1=" " ind2=" ">
    <subfield code="c">88083</subfield>
    <subfield code="d">88083</subfield>
  </datafield>
  <datafield tag="952" ind1=" " ind2=" ">
    <subfield code="0">0</subfield>
    <subfield code="1">0</subfield>
    <subfield code="4">0</subfield>
    <subfield code="7">1</subfield>
    <subfield code="8">NFIC</subfield>
    <subfield code="a">DBAD</subfield>
    <subfield code="b">DBAD</subfield>
    <subfield code="d">2015-01-28</subfield>
    <subfield code="e">DBAD/PUB</subfield>
    <subfield code="g">499.00</subfield>
    <subfield code="l">0</subfield>
    <subfield code="o">512.8 HER</subfield>
    <subfield code="p">EN-95490</subfield>
    <subfield code="r">2015-01-28 00:00:00</subfield>
    <subfield code="t">1</subfield>
    <subfield code="v">499.00</subfield>
    <subfield code="y">EN</subfield>
  </datafield>
  <datafield tag="952" ind1=" " ind2=" ">
    <subfield code="0">0</subfield>
    <subfield code="1">0</subfield>
    <subfield code="4">0</subfield>
    <subfield code="7">0</subfield>
    <subfield code="8">NFIC</subfield>
    <subfield code="a">L</subfield>
    <subfield code="b">L</subfield>
    <subfield code="d">2015-02-04</subfield>
    <subfield code="e">ABC/IN4452/13.12.2014/168/08.12.2014/30.12.2014</subfield>
    <subfield code="g">499.00</subfield>
    <subfield code="l">1</subfield>
    <subfield code="o">512.8 HER</subfield>
    <subfield code="p">B-584152</subfield>
    <subfield code="r">2023-04-17 00:00:00</subfield>
    <subfield code="s">2023-04-03</subfield>
    <subfield code="t">1</subfield>
    <subfield code="v">499.00</subfield>
    <subfield code="w">2015-02-04</subfield>
    <subfield code="y">EN</subfield>
  </datafield>
  <datafield tag="952" ind1=" " ind2=" ">
    <subfield code="0">0</subfield>
    <subfield code="1">0</subfield>
    <subfield code="4">0</subfield>
    <subfield code="7">0</subfield>
    <subfield code="8">NFIC</subfield>
    <subfield code="a">BL1</subfield>
    <subfield code="b">BL1</subfield>
    <subfield code="d">2015-02-04</subfield>
    <subfield code="e">ABC/IN4452/13.12.2014/168/08.12.2014/30.12.2014</subfield>
    <subfield code="g">499.00</subfield>
    <subfield code="l">6</subfield>
    <subfield code="m">2</subfield>
    <subfield code="o">512.8 HER</subfield>
    <subfield code="p">B-584153</subfield>
    <subfield code="r">2026-03-13 00:00:00</subfield>
    <subfield code="s">2026-01-09</subfield>
    <subfield code="t">1</subfield>
    <subfield code="v">499.00</subfield>
    <subfield code="y">EN</subfield>
  </datafield>
  <datafield tag="952" ind1=" " ind2=" ">
    <subfield code="0">0</subfield>
    <subfield code="1">0</subfield>
    <subfield code="4">0</subfield>
    <subfield code="7">0</subfield>
    <subfield code="8">NFIC</subfield>
    <subfield code="a">KGM</subfield>
    <subfield code="b">KGM</subfield>
    <subfield code="d">2015-02-04</subfield>
    <subfield code="e">ABC/IN4452/13.12.2014/168/08.12.2014/30.12.2014</subfield>
    <subfield code="g">499.00</subfield>
    <subfield code="l">0</subfield>
    <subfield code="o">512.8 HER</subfield>
    <subfield code="p">B-584154</subfield>
    <subfield code="r">2015-02-04 00:00:00</subfield>
    <subfield code="t">1</subfield>
    <subfield code="v">499.00</subfield>
    <subfield code="y">EN</subfield>
  </datafield>
  <datafield tag="952" ind1=" " ind2=" ">
    <subfield code="0">0</subfield>
    <subfield code="1">0</subfield>
    <subfield code="4">0</subfield>
    <subfield code="7">0</subfield>
    <subfield code="8">NFIC</subfield>
    <subfield code="a">PR</subfield>
    <subfield code="b">PR</subfield>
    <subfield code="d">2015-02-04</subfield>
    <subfield code="e">ABC/IN4452/13.12.2014/168/08.12.2014/30.12.2014</subfield>
    <subfield code="g">499.00</subfield>
    <subfield code="l">0</subfield>
    <subfield code="o">512.8 HER</subfield>
    <subfield code="p">B-584155</subfield>
    <subfield code="r">2015-02-04 00:00:00</subfield>
    <subfield code="t">1</subfield>
    <subfield code="v">499.00</subfield>
    <subfield code="y">EN</subfield>
  </datafield>
  <datafield tag="952" ind1=" " ind2=" ">
    <subfield code="0">0</subfield>
    <subfield code="1">0</subfield>
    <subfield code="4">0</subfield>
    <subfield code="7">0</subfield>
    <subfield code="8">NFIC</subfield>
    <subfield code="a">TN</subfield>
    <subfield code="b">TN</subfield>
    <subfield code="d">2015-02-04</subfield>
    <subfield code="e">ABC/IN4452/13.12.2014/168/08.12.2014/30.12.2014</subfield>
    <subfield code="g">499.00</subfield>
    <subfield code="l">2</subfield>
    <subfield code="o">512.8 HER</subfield>
    <subfield code="p">B-584156</subfield>
    <subfield code="r">2019-07-10 00:00:00</subfield>
    <subfield code="s">2019-07-10</subfield>
    <subfield code="t">1</subfield>
    <subfield code="v">499.00</subfield>
    <subfield code="y">EN</subfield>
  </datafield>
  <datafield tag="952" ind1=" " ind2=" ">
    <subfield code="0">0</subfield>
    <subfield code="1">0</subfield>
    <subfield code="4">0</subfield>
    <subfield code="7">0</subfield>
    <subfield code="8">NFIC</subfield>
    <subfield code="a">CJ</subfield>
    <subfield code="b">CJ</subfield>
    <subfield code="d">2015-02-04</subfield>
    <subfield code="e">ABC/IN4452/13.12.2014/168/08.12.2014/30.12.2014</subfield>
    <subfield code="g">499.00</subfield>
    <subfield code="l">1</subfield>
    <subfield code="o">512.8 HER</subfield>
    <subfield code="p">B-584157</subfield>
    <subfield code="r">2019-08-14 00:00:00</subfield>
    <subfield code="s">2019-06-24</subfield>
    <subfield code="t">1</subfield>
    <subfield code="v">499.00</subfield>
    <subfield code="y">EN</subfield>
  </datafield>
  <datafield tag="952" ind1=" " ind2=" ">
    <subfield code="0">0</subfield>
    <subfield code="1">0</subfield>
    <subfield code="4">0</subfield>
    <subfield code="7">0</subfield>
    <subfield code="8">NFIC</subfield>
    <subfield code="a">DIZ</subfield>
    <subfield code="b">DIZ</subfield>
    <subfield code="d">2015-02-04</subfield>
    <subfield code="e">ABC/IN4452/13.12.2014/168/08.12.2014/30.12.2014</subfield>
    <subfield code="g">499.00</subfield>
    <subfield code="l">0</subfield>
    <subfield code="o">512.8 HER</subfield>
    <subfield code="p">B-584158</subfield>
    <subfield code="r">2015-02-04 00:00:00</subfield>
    <subfield code="t">1</subfield>
    <subfield code="v">499.00</subfield>
    <subfield code="y">EN</subfield>
  </datafield>
  <datafield tag="952" ind1=" " ind2=" ">
    <subfield code="0">0</subfield>
    <subfield code="1">0</subfield>
    <subfield code="4">0</subfield>
    <subfield code="7">0</subfield>
    <subfield code="8">NFIC</subfield>
    <subfield code="a">JP</subfield>
    <subfield code="b">JP</subfield>
    <subfield code="d">2015-02-04</subfield>
    <subfield code="e">ABC/IN4452/13.12.2014/168/08.12.2014/30.12.2014</subfield>
    <subfield code="g">499.00</subfield>
    <subfield code="l">11</subfield>
    <subfield code="m">4</subfield>
    <subfield code="o">512.8 HER</subfield>
    <subfield code="p">B-584159</subfield>
    <subfield code="r">2022-05-19 00:00:00</subfield>
    <subfield code="s">2022-04-07</subfield>
    <subfield code="t">1</subfield>
    <subfield code="v">499.00</subfield>
    <subfield code="y">EN</subfield>
  </datafield>
  <datafield tag="952" ind1=" " ind2=" ">
    <subfield code="0">0</subfield>
    <subfield code="1">0</subfield>
    <subfield code="4">0</subfield>
    <subfield code="7">0</subfield>
    <subfield code="8">NFIC</subfield>
    <subfield code="a">ZLS</subfield>
    <subfield code="b">ZLS</subfield>
    <subfield code="d">2015-02-04</subfield>
    <subfield code="e">ABC/IN4452/13.12.2014/168/08.12.2014/30.12.2014</subfield>
    <subfield code="g">499.00</subfield>
    <subfield code="l">2</subfield>
    <subfield code="o">512.8 HER</subfield>
    <subfield code="p">B-584160</subfield>
    <subfield code="r">2019-10-01 00:00:00</subfield>
    <subfield code="s">2019-09-26</subfield>
    <subfield code="t">1</subfield>
    <subfield code="v">499.00</subfield>
    <subfield code="y">EN</subfield>
  </datafield>
  <datafield tag="952" ind1=" " ind2=" ">
    <subfield code="0">0</subfield>
    <subfield code="1">0</subfield>
    <subfield code="4">0</subfield>
    <subfield code="7">0</subfield>
    <subfield code="8">NFIC</subfield>
    <subfield code="a">AG</subfield>
    <subfield code="b">AG</subfield>
    <subfield code="d">2015-02-04</subfield>
    <subfield code="e">ABC/IN4452/13.12.2014/168/08.12.2014/30.12.2014</subfield>
    <subfield code="g">499.00</subfield>
    <subfield code="l">0</subfield>
    <subfield code="o">512.8 HER</subfield>
    <subfield code="p">B-584161</subfield>
    <subfield code="r">2015-02-04 00:00:00</subfield>
    <subfield code="t">1</subfield>
    <subfield code="v">499.00</subfield>
    <subfield code="y">EN</subfield>
  </datafield>
  <datafield tag="952" ind1=" " ind2=" ">
    <subfield code="0">0</subfield>
    <subfield code="1">0</subfield>
    <subfield code="4">0</subfield>
    <subfield code="7">0</subfield>
    <subfield code="8">NFIC</subfield>
    <subfield code="a">SP</subfield>
    <subfield code="b">SP</subfield>
    <subfield code="d">2015-02-04</subfield>
    <subfield code="e">ABC/IN4452/13.12.2014/168/08.12.2014/30.12.2014</subfield>
    <subfield code="g">499.00</subfield>
    <subfield code="l">0</subfield>
    <subfield code="o">512.8 HER</subfield>
    <subfield code="p">B-584162</subfield>
    <subfield code="r">2015-02-04 00:00:00</subfield>
    <subfield code="t">1</subfield>
    <subfield code="v">499.00</subfield>
    <subfield code="y">EN</subfield>
  </datafield>
  <datafield tag="952" ind1=" " ind2=" ">
    <subfield code="0">0</subfield>
    <subfield code="1">0</subfield>
    <subfield code="4">0</subfield>
    <subfield code="7">0</subfield>
    <subfield code="8">NFIC</subfield>
    <subfield code="a">ZLS</subfield>
    <subfield code="b">ZLS</subfield>
    <subfield code="d">2015-02-04</subfield>
    <subfield code="e">ABC/IN4452/13.12.2014/168/08.12.2014/30.12.2014</subfield>
    <subfield code="g">499.00</subfield>
    <subfield code="l">3</subfield>
    <subfield code="m">3</subfield>
    <subfield code="o">512.8 HER</subfield>
    <subfield code="p">B-584163</subfield>
    <subfield code="r">2022-03-19 00:00:00</subfield>
    <subfield code="s">2022-03-07</subfield>
    <subfield code="t">1</subfield>
    <subfield code="v">499.00</subfield>
    <subfield code="y">EN</subfield>
  </datafield>
  <datafield tag="952" ind1=" " ind2=" ">
    <subfield code="0">0</subfield>
    <subfield code="1">0</subfield>
    <subfield code="4">0</subfield>
    <subfield code="7">0</subfield>
    <subfield code="8">NFIC</subfield>
    <subfield code="a">VP</subfield>
    <subfield code="b">VP</subfield>
    <subfield code="d">2015-02-04</subfield>
    <subfield code="e">ABC/IN4452/13.12.2014/168/08.12.2014/30.12.2014</subfield>
    <subfield code="g">499.00</subfield>
    <subfield code="l">4</subfield>
    <subfield code="m">1</subfield>
    <subfield code="o">512.8 HER</subfield>
    <subfield code="p">B-584164</subfield>
    <subfield code="r">2020-09-10 00:00:00</subfield>
    <subfield code="s">2020-08-19</subfield>
    <subfield code="t">1</subfield>
    <subfield code="v">499.00</subfield>
    <subfield code="y">EN</subfield>
  </datafield>
  <datafield tag="952" ind1=" " ind2=" ">
    <subfield code="0">0</subfield>
    <subfield code="1">0</subfield>
    <subfield code="4">0</subfield>
    <subfield code="7">0</subfield>
    <subfield code="8">NFIC</subfield>
    <subfield code="a">BN</subfield>
    <subfield code="b">BN</subfield>
    <subfield code="d">2015-02-04</subfield>
    <subfield code="e">ABC/IN4452/13.12.2014/168/08.12.2014/30.12.2014</subfield>
    <subfield code="g">499.00</subfield>
    <subfield code="l">3</subfield>
    <subfield code="m">0</subfield>
    <subfield code="o">512.8 HER</subfield>
    <subfield code="p">B-584165</subfield>
    <subfield code="r">2021-08-09 00:00:00</subfield>
    <subfield code="s">2021-08-03</subfield>
    <subfield code="t">1</subfield>
    <subfield code="v">499.00</subfield>
    <subfield code="y">EN</subfield>
  </datafield>
  <datafield tag="952" ind1=" " ind2=" ">
    <subfield code="0">0</subfield>
    <subfield code="1">0</subfield>
    <subfield code="4">0</subfield>
    <subfield code="7">0</subfield>
    <subfield code="8">NFIC</subfield>
    <subfield code="a">NRR</subfield>
    <subfield code="b">NRR</subfield>
    <subfield code="d">2015-02-04</subfield>
    <subfield code="e">ABC/IN4452/13.12.2014/168/08.12.2014/30.12.2014</subfield>
    <subfield code="g">499.00</subfield>
    <subfield code="l">0</subfield>
    <subfield code="o">512.8 HER</subfield>
    <subfield code="p">B-584166</subfield>
    <subfield code="r">2015-02-04 00:00:00</subfield>
    <subfield code="t">1</subfield>
    <subfield code="v">499.00</subfield>
    <subfield code="y">EN</subfield>
  </datafield>
  <datafield tag="952" ind1=" " ind2=" ">
    <subfield code="0">0</subfield>
    <subfield code="1">0</subfield>
    <subfield code="4">0</subfield>
    <subfield code="7">0</subfield>
    <subfield code="8">NFIC</subfield>
    <subfield code="a">BKK</subfield>
    <subfield code="b">BKK</subfield>
    <subfield code="d">2015-02-04</subfield>
    <subfield code="e">ABC/IN4452/13.12.2014/168/08.12.2014/30.12.2014</subfield>
    <subfield code="g">499.00</subfield>
    <subfield code="l">0</subfield>
    <subfield code="o">512.8 HER</subfield>
    <subfield code="p">B-584167</subfield>
    <subfield code="r">2015-02-04 00:00:00</subfield>
    <subfield code="t">1</subfield>
    <subfield code="v">499.00</subfield>
    <subfield code="y">EN</subfield>
  </datafield>
  <datafield tag="952" ind1=" " ind2=" ">
    <subfield code="0">0</subfield>
    <subfield code="1">0</subfield>
    <subfield code="4">0</subfield>
    <subfield code="7">0</subfield>
    <subfield code="8">NFIC</subfield>
    <subfield code="a">NR</subfield>
    <subfield code="b">NR</subfield>
    <subfield code="d">2015-02-04</subfield>
    <subfield code="e">ABC/IN4452/13.12.2014/168/08.12.2014/30.12.2014</subfield>
    <subfield code="g">499.00</subfield>
    <subfield code="l">0</subfield>
    <subfield code="o">512.8 HER</subfield>
    <subfield code="p">B-584168</subfield>
    <subfield code="r">2015-02-04 00:00:00</subfield>
    <subfield code="t">1</subfield>
    <subfield code="v">499.00</subfield>
    <subfield code="y">EN</subfield>
  </datafield>
  <datafield tag="952" ind1=" " ind2=" ">
    <subfield code="0">0</subfield>
    <subfield code="1">0</subfield>
    <subfield code="4">0</subfield>
    <subfield code="7">0</subfield>
    <subfield code="8">NFIC</subfield>
    <subfield code="a">BN</subfield>
    <subfield code="b">BN</subfield>
    <subfield code="d">2015-02-04</subfield>
    <subfield code="e">ABC/IN4452/13.12.2014/168/08.12.2014/30.12.2014</subfield>
    <subfield code="g">499.00</subfield>
    <subfield code="l">1</subfield>
    <subfield code="o">512.8 HER</subfield>
    <subfield code="p">B-584169</subfield>
    <subfield code="r">2019-09-23 00:00:00</subfield>
    <subfield code="s">2019-09-21</subfield>
    <subfield code="t">1</subfield>
    <subfield code="v">499.00</subfield>
    <subfield code="y">EN</subfield>
  </datafield>
  <datafield tag="952" ind1=" " ind2=" ">
    <subfield code="0">0</subfield>
    <subfield code="1">0</subfield>
    <subfield code="4">0</subfield>
    <subfield code="7">0</subfield>
    <subfield code="8">NFIC</subfield>
    <subfield code="a">KV</subfield>
    <subfield code="b">KV</subfield>
    <subfield code="d">2015-02-04</subfield>
    <subfield code="e">ABC/IN4452/13.12.2014/168/08.12.2014/30.12.2014</subfield>
    <subfield code="g">499.00</subfield>
    <subfield code="l">0</subfield>
    <subfield code="o">512.8 HER</subfield>
    <subfield code="p">B-584170</subfield>
    <subfield code="r">2015-02-04 00:00:00</subfield>
    <subfield code="t">1</subfield>
    <subfield code="v">499.00</subfield>
    <subfield code="y">EN</subfield>
  </datafield>
  <datafield tag="952" ind1=" " ind2=" ">
    <subfield code="0">0</subfield>
    <subfield code="1">0</subfield>
    <subfield code="4">0</subfield>
    <subfield code="7">0</subfield>
    <subfield code="8">NFIC</subfield>
    <subfield code="a">MV</subfield>
    <subfield code="b">MV</subfield>
    <subfield code="d">2015-02-04</subfield>
    <subfield code="e">ABC/IN4452/13.12.2014/168/08.12.2014/30.12.2014</subfield>
    <subfield code="g">499.00</subfield>
    <subfield code="l">0</subfield>
    <subfield code="o">512.8 HER</subfield>
    <subfield code="p">B-584171</subfield>
    <subfield code="r">2015-02-04 00:00:00</subfield>
    <subfield code="t">1</subfield>
    <subfield code="v">499.00</subfield>
    <subfield code="y">EN</subfield>
  </datafield>
  <datafield tag="952" ind1=" " ind2=" ">
    <subfield code="0">0</subfield>
    <subfield code="1">0</subfield>
    <subfield code="4">0</subfield>
    <subfield code="7">0</subfield>
    <subfield code="8">NFIC</subfield>
    <subfield code="a">MP</subfield>
    <subfield code="b">MP</subfield>
    <subfield code="d">2015-02-04</subfield>
    <subfield code="e">ABC/IN4452/13.12.2014/168/08.12.2014/30.12.2014</subfield>
    <subfield code="g">499.00</subfield>
    <subfield code="l">0</subfield>
    <subfield code="o">512.8 HER</subfield>
    <subfield code="p">B-584172</subfield>
    <subfield code="r">2015-02-04 00:00:00</subfield>
    <subfield code="t">1</subfield>
    <subfield code="v">499.00</subfield>
    <subfield code="y">EN</subfield>
  </datafield>
  <datafield tag="952" ind1=" " ind2=" ">
    <subfield code="0">0</subfield>
    <subfield code="1">0</subfield>
    <subfield code="4">0</subfield>
    <subfield code="7">0</subfield>
    <subfield code="8">NFIC</subfield>
    <subfield code="a">BL4</subfield>
    <subfield code="b">BL4</subfield>
    <subfield code="d">2015-02-04</subfield>
    <subfield code="e">ABC/IN4452/13.12.2014/168/08.12.2014/30.12.2014</subfield>
    <subfield code="g">499.00</subfield>
    <subfield code="l">15</subfield>
    <subfield code="m">1</subfield>
    <subfield code="o">512.8 HER</subfield>
    <subfield code="p">B-584173</subfield>
    <subfield code="r">2025-10-21 00:00:00</subfield>
    <subfield code="s">2025-10-13</subfield>
    <subfield code="t">1</subfield>
    <subfield code="v">499.00</subfield>
    <subfield code="y">EN</subfield>
  </datafield>
  <datafield tag="952" ind1=" " ind2=" ">
    <subfield code="0">0</subfield>
    <subfield code="1">0</subfield>
    <subfield code="4">0</subfield>
    <subfield code="7">0</subfield>
    <subfield code="8">NFIC</subfield>
    <subfield code="a">RC3</subfield>
    <subfield code="b">RC3</subfield>
    <subfield code="d">2015-02-04</subfield>
    <subfield code="e">ABC/IN4452/13.12.2014/168/08.12.2014/30.12.2014</subfield>
    <subfield code="g">499.00</subfield>
    <subfield code="l">0</subfield>
    <subfield code="o">512.8 HER</subfield>
    <subfield code="p">B-584174</subfield>
    <subfield code="r">2015-02-04 00:00:00</subfield>
    <subfield code="t">4</subfield>
    <subfield code="v">499.00</subfield>
    <subfield code="y">EN</subfield>
  </datafield>
  <datafield tag="952" ind1=" " ind2=" ">
    <subfield code="0">0</subfield>
    <subfield code="1">0</subfield>
    <subfield code="4">0</subfield>
    <subfield code="7">0</subfield>
    <subfield code="8">NFIC</subfield>
    <subfield code="a">RC3</subfield>
    <subfield code="b">RC3</subfield>
    <subfield code="d">2015-02-04</subfield>
    <subfield code="e">ABC/IN4452/13.12.2014/168/08.12.2014/30.12.2014</subfield>
    <subfield code="g">499.00</subfield>
    <subfield code="l">0</subfield>
    <subfield code="o">512.8 HER</subfield>
    <subfield code="p">B-584175</subfield>
    <subfield code="r">2015-02-04 00:00:00</subfield>
    <subfield code="t">4</subfield>
    <subfield code="v">499.00</subfield>
    <subfield code="y">EN</subfield>
  </datafield>
  <datafield tag="952" ind1=" " ind2=" ">
    <subfield code="0">0</subfield>
    <subfield code="1">0</subfield>
    <subfield code="4">0</subfield>
    <subfield code="7">0</subfield>
    <subfield code="8">NFIC</subfield>
    <subfield code="a">RC3</subfield>
    <subfield code="b">RC3</subfield>
    <subfield code="d">2015-02-04</subfield>
    <subfield code="e">ABC/IN4452/13.12.2014/168/08.12.2014/30.12.2014</subfield>
    <subfield code="g">499.00</subfield>
    <subfield code="l">0</subfield>
    <subfield code="o">512.8 HER</subfield>
    <subfield code="p">B-584176</subfield>
    <subfield code="r">2015-02-04 00:00:00</subfield>
    <subfield code="t">4</subfield>
    <subfield code="v">499.00</subfield>
    <subfield code="y">EN</subfield>
  </datafield>
  <datafield tag="952" ind1=" " ind2=" ">
    <subfield code="0">0</subfield>
    <subfield code="1">5</subfield>
    <subfield code="4">0</subfield>
    <subfield code="7">0</subfield>
    <subfield code="8">NFIC</subfield>
    <subfield code="a">RC3</subfield>
    <subfield code="b">RC3</subfield>
    <subfield code="d">2015-02-04</subfield>
    <subfield code="e">ABC/IN4452/13.12.2014/168/08.12.2014/30.12.2014</subfield>
    <subfield code="g">499.00</subfield>
    <subfield code="l">0</subfield>
    <subfield code="o">512.8 HER</subfield>
    <subfield code="p">B-584177</subfield>
    <subfield code="r">2015-02-04 00:00:00</subfield>
    <subfield code="t">4</subfield>
    <subfield code="v">499.00</subfield>
    <subfield code="y">EN</subfield>
  </datafield>
  <datafield tag="952" ind1=" " ind2=" ">
    <subfield code="0">0</subfield>
    <subfield code="1">0</subfield>
    <subfield code="4">0</subfield>
    <subfield code="7">0</subfield>
    <subfield code="8">NFIC</subfield>
    <subfield code="a">AV</subfield>
    <subfield code="b">AV</subfield>
    <subfield code="d">2017-06-05</subfield>
    <subfield code="e">BPPD/EN/2014-15/AV/16-17/413/15.2.2017/5057/28.2.2017/ 24.3.2017</subfield>
    <subfield code="g">569.00</subfield>
    <subfield code="l">2</subfield>
    <subfield code="o">512.8 HER</subfield>
    <subfield code="p">B-669726</subfield>
    <subfield code="r">2025-06-23 00:00:00</subfield>
    <subfield code="s">2025-06-10</subfield>
    <subfield code="t">1</subfield>
    <subfield code="v">569.00</subfield>
    <subfield code="w">2017-06-05</subfield>
    <subfield code="y">EN</subfield>
  </datafield>
</record>
